| 000 | 00370nam a2200133Ia 4500 | ||
|---|---|---|---|
| 001 | 4087 | ||
| 008 | 241024s9999 xx 000 0 und d | ||
| 082 | _aRD/306/R426m/2014-2016 | ||
| 100 | _aRepública Dominicana. Ministerio de Educación | ||
| 245 | 0 | _aMemorias de Gestión 2014-2016 | |
| 260 |
_bSanto Domingo _c2016 |
||
| 901 | _a31/5/2016 10:03:23 a.m. | ||
| 999 |
_c9846 _d9846 |
||